| 000 | 00649nam a22001937a 4500 | ||
|---|---|---|---|
| 008 | 161003b xxu||||| |||| 00| 0 eng d | ||
| 020 | _a0781762189 | ||
| 050 |
_aRT 41 _b.C86 2006 |
||
| 100 | _aCraven, Ruth F. | ||
| 245 |
_aFundamentals of nursing : _bhuman health and function/ _cRuth F. Craven and Constance J. Hirnle. |
||
| 250 | _a5th ed. | ||
| 260 |
_aPhiladelphia : _bLippincott Williams & Wilkins ; _c2006. |
||
| 300 |
_axxxvi, 1497p. : _bill. ; |
||
| 500 | _aIncludes appendix and index. | ||
| 650 | _aNursing. | ||
| 650 | _aNursing process. | ||
| 700 | _aHirnle, Constance J. | ||
| 942 |
_2lcc _cBOOKS _hRT 41 .C86 2006 |
||
| 999 |
_c14504 _d14504 |
||